The get rich quick club / (Record no. 2462)

MARC details
000 -LEADER
fixed length control field 00991cam a2200301 a 4500
005 - DATE AND TIME OF LATEST TRANSACTION
control field 20231211094727.0
020 ## - INTERNATIONAL STANDARD BOOK NUMBER
International Standard Book Number 0060534400
020 ## - INTERNATIONAL STANDARD BOOK NUMBER
International Standard Book Number 0060534419 (lib. bdg.)
020 ## - INTERNATIONAL STANDARD BOOK NUMBER
International Standard Book Number 9780439801560
040 ## - CATALOGING SOURCE
Original cataloging agency DLC
Transcribing agency DLC
Modifying agency DLC
Language of cataloging eng
050 00 - LIBRARY OF CONGRESS CALL NUMBER
Classification number PZ7.G9846
Item number Ge 2004
082 00 - DEWEY DECIMAL CLASSIFICATION NUMBER
Classification number 206
Edition number 22
100 1# - MAIN ENTRY--PERSONAL NAME
Personal name Gutman, Dan
245 14 - TITLE STATEMENT
Title The get rich quick club /
Statement of responsibility, etc. Dan Gutman
250 ## - EDITION STATEMENT
Edition statement First Scholastic printing, October 2005
260 ## - PUBLICATION, DISTRIBUTION, ETC.
Place of publication, distribution, etc. New York :
Name of publisher, distributor, etc. Scholastic,
Date of publication, distribution, etc. 2004
300 ## - PHYSICAL DESCRIPTION
Extent 118 pages :
Dimensions 20 cm
505 ## - FORMATTED CONTENTS NOTE
Formatted contents note P
520 ## - SUMMARY, ETC.
Summary, etc. Summer vacation in their small Maine town does not look too promising until twelve-year-old Gina and four of her friends make a pact to become millionaires before school starts in September.
521 ## - TARGET AUDIENCE NOTE
Target audience note 640
Source Lexile
521 ## - TARGET AUDIENCE NOTE
Target audience note P
Source Raz-Plus
650 #1 - SUBJECT ADDED ENTRY--TOPICAL TERM
Topical term or geographic name entry element Moneymaking projects
Form subdivision Fiction.
650 #1 - SUBJECT ADDED ENTRY--TOPICAL TERM
Topical term or geographic name entry element Clubs
Form subdivision Fiction.
650 #1 - SUBJECT ADDED ENTRY--TOPICAL TERM
Topical term or geographic name entry element Vacations
Form subdivision Fiction.
906 ## - LOCAL DATA ELEMENT F, LDF (RLIN)
a 7
b cbc
c orignew
d 1
e ecip
f 20
g y-gencatlg
942 ## - ADDED ENTRY ELEMENTS (KOHA)
Source of classification or shelving scheme Dewey Decimal Classification
Koha item type Books
Suppress in OPAC No
999 ## -
-- 2462
-- 2462
Holdings
Withdrawn status Lost status Source of classification or shelving scheme Damaged status Not for loan Collection Home library Current library Shelving location Date acquired Total Checkouts Full call number Barcode Date last seen Date last checked out Price effective from Koha item type
    Dewey Decimal Classification     Juvenile Fiction Footprints International School Library Network Toul Kork Campus Footprints International School Library Network Toul Kork Campus   12/11/2023 3 GUT 206 PZ7.G9846 FISSE02098 02/05/2024 01/22/2024 12/11/2023 Books